Loading...
| Literature - World | 0 | 6 | 1 | 0 | 55 | 59 | 79.00 | 3 | 4 | 0.00 | 0.00 |
| Religion | 0 | 4 | 0 | 1 | 40 | 62 | 85.75 | 1 | 4 | 0.00 | 0.00 |
| Mythology | 0 | 4 | 0 | 0 | 40 | 23 | 60.75 | 1 | 3 | 0.00 | 0.00 |
| History - World | 0 | 4 | 1 | 1 | 35 | 12 | 65.75 | 1 | 3 | 0.00 | 0.00 |
| Philosophy | 0 | 4 | 1 | 0 | 35 | 49 | 79.00 | 1 | 2 | 0.00 | 0.00 |
| Literature - European | 0 | 3 | 0 | 0 | 30 | 108 | 119.67 | 0 | 0 | 0.00 | 0.00 |
| History - Other | 0 | 3 | 1 | 0 | 25 | 79 | 92.67 | 0 | 2 | 0.00 | 0.00 |
| Fine Arts - Other | 0 | 1 | 0 | 0 | 10 | 71 | 71.00 | 0 | 0 | 0.00 | 0.00 |
| Literature - American | 0 | 2 | 2 | 0 | 10 | 74 | 86.00 | 0 | 1 | 0.00 | 0.00 |
| Literature - British | 0 | 1 | 0 | 0 | 10 | 96 | 96.00 | 0 | 0 | 0.00 | 0.00 |
| History - European | 0 | 1 | 0 | 0 | 10 | 97 | 97.00 | 0 | 0 | 0.00 | 0.00 |
| Social Science | 0 | 1 | 1 | 1 | 5 | 98 | 98.00 | 0 | 0 | 0.00 | 0.00 |
| Fine Arts - Painting and Sculpture | 0 | 1 | 1 | 0 | 5 | 45 | 45.00 | 0 | 0 | 0.00 | 0.00 |
| Fine Arts - Classical Music | 0 | 0 | 0 | 0 | 0 | 0.00 | 0 | 0 | 0.00 | 0.00 |